Statistics for UK History Picture Quiz - W

Click here to take the quiz!

General Stats

  • This quiz has been taken 173 times
  • The average score is 14 of 15

Answer Stats

Answer% Correct
{Westminster} Abbey
99%
Wives
99%
Wolf
99%
Wales
98%
Wimbledon
97%
Waterloo
96%
{Wat} Tyler
96%
Wembley
94%
Wessex
93%
William {Wallace}
93%
World Wide Web
91%
{Wallis} Simpson
84%
Christopher {Wren}
81%
Wiltshire
73%
Robert {Walpole}
71%

Score Distribution

Percentile by Number Answered

Percent of People with Each Score

Your Score History

You have not taken this quiz